LEADER 01475nam 2200385Ia 450 001 996395933203316 005 20221108082010.0 035 $a(CKB)4330000000325368 035 $a(EEBO)2240876634 035 $a(OCoLC)19356321 035 $a(EXLCZ)994330000000325368 100 $a19890314d1674 uy | 101 0 $aeng 135 $aurbn||||a|bb| 200 14$aThe Burning bush not consumed$b[electronic resource] $ewherein, either under all deep sense of wrath, or hardness of heart, one may judge whether he be the child of God or not, &c. : chiefly receiving full satisfaction concerning the sin against the Holy Ghost : perused by I.D. and divers other divines 210 $aEdinburgh $cPrinted by Andrew Anderson ... for James Galt, James Brown, George Brown, Robert Stewart and John Reid ...$d1674 215 $a[12], 103, [5] p 300 $aAttributed to Hart by Wing. 300 $aImperfect: tightly bound, with some loss of print. 300 $aReproduction of original in the British Library. 330 $aeebo-0018 606 $aSalvation$vEarly works to 1800 606 $aGod$xWrath$vEarly works to 1800 606 $aTheology, Doctrinal 615 0$aSalvation 615 0$aGod$xWrath 615 0$aTheology, Doctrinal. 700 $aHart$b John$0195672 801 0$bEAH 801 1$bEAH 801 2$bWaOLN 906 $aBOOK 912 $a996395933203316 996 $aThe burning bush not consumed$92317975 997 $aUNISA